Las aventuras de Guillermo & Miguel y otros trampantojos literarios (Record no. 189249)
[ view plain ]
| 000 -LEADER | |
|---|---|
| campo de control de longitud fija | 01396nam a2200301 i 4500 |
| 001 - NÚMERO DE CONTROL | |
| campo de control | 189249 |
| 003 - IDENTIFICADOR DE NÚMERO DE CONTROL | |
| campo de control | SpMaBN |
| 005 - FECHA Y HORA DE LA ÚLTIMA TRANSACCIÓN | |
| campo de control | 20251014063306.0 |
| 008 - DATOS DE LONGITUD FIJA--INFORMACIÓN GENERAL | |
| campo de control de longitud fija | 190430s2017 sp a c |||| |dspa d |
| 020 ## - NÚMERO INTERNACIONAL ESTÁNDAR DEL LIBRO | |
| Número Internacional Estándar del Libro | 978-84-16978-23-6 |
| 080 ## - NÚMERO DE LA CLASIFICACIÓN DECIMAL UNIVERSAL | |
| Número de la Clasificación Decimal Universal | 74 Max (083.824) |
| 080 ## - NÚMERO DE LA CLASIFICACIÓN DECIMAL UNIVERSAL | |
| Número de la Clasificación Decimal Universal | 741.52 |
| 100 0# - ENTRADA PRINCIPAL--NOMBRE DE PERSONA | |
| Nombre de persona | Max, |
| Fechas asociadas al nombre | 1956- |
| 9 (RLIN) | 166945 |
| 245 14 - MENCIÓN DEL TÍTULO | |
| Título | Las aventuras de Guillermo & Miguel y otros trampantojos literarios |
| Resto del título | : [Sala de Exposiciones de San José de los Caracciolos, Universidad de Alcalá, 20 abril-14 julio, 2017] / |
| Mención de responsabilidad, etc. | Max ; [coordinación de exposición, Jesús Cañete Ochoa ; textos, Manuel Rodríguez Rivero, Antonio Fernández Ferrer]. |
| 246 33 - FORMA VARIANTE DEL TITULO | |
| Título propio/Titulo breve | Las aventuras de Guillermo y Miguel y otros trampantojos literarios |
| 260 ## - PUBLICACIÓN, DISTRIBUCIÓN, ETC. | |
| Lugar de publicación, distribución, etc. | [Alcalá de Henares] : |
| Nombre del editor, distribuidor, etc. | Universidad de Alcalá, |
| Fecha de publicación, distribución, etc. | [2017] |
| 300 ## - DESCRIPCIÓN FÍSICA | |
| Extensión | 94 p. : |
| Otras características físicas | il. col. ; |
| Dimensiones | 19 x 27. |
| 600 07 - PUNTO DE ACCESO ADICIONAL DE MATERIA--NOMBRE DE PERSONA | |
| Nombre de persona | Max, |
| Fechas asociadas al nombre | 1956- |
| Subdivisión de forma | Exposiciones |
| Fuente del encabezamiento o término | |
| 9 (RLIN) | 166946 |
| 650 #7 - PUNTO DE ACCESO ADICIONAL DE MATERIA--TÉRMINO DE MATERIA | |
| Término de materia o nombre geográfico como elemento de entrada | Cómics- |
| Subdivisión de forma | Exposiciones |
| Fuente del encabezamiento o término | |
| 9 (RLIN) | 166947 |
| 655 #7 - TERMINO DE INDIZACIÓN--GENERO/FORMA | |
| Fuente del término | tgfbne |
| 9 (RLIN) | 193628 |
| Datos o término principal de género/forma | Catálogos de exposiciones |
| 700 1# - ENTRADA AGREGADA--NOMBRE PERSONAL | |
| Nombre de persona | Cañete Ochoa, Jesús, |
| Fechas asociadas al nombre | 1967- |
| 9 (RLIN) | 157453 |
| 700 1# - ENTRADA AGREGADA--NOMBRE PERSONAL | |
| Nombre de persona | Rodríguez Rivero, Manuel. |
| 9 (RLIN) | 140886 |
| 700 1# - ENTRADA AGREGADA--NOMBRE PERSONAL | |
| Nombre de persona | Fernández Ferrer, Antonio, |
| Fechas asociadas al nombre | 1952- |
| 9 (RLIN) | 166948 |
| 710 2# - ENTRADA AGREGADA--NOMBRE DE ENTIDAD CORPORATIVA | |
| Nombre de entidad corporativa o nombre de jurisdicción como elemento de entrada | Universidad de Alcalá de Henares. |
| 9 (RLIN) | 7135 |
| 852 ## - LOCALIZACIÓN | |
| Ubicación | ES-MaACL |
| Número de control de estantería | A-14539 |
| itemnumber | 196387 |
| Sublocalización o colección | R.152114 |
| Ubicación en estantería | Depósito 1 |
| Signatura antigua | Olim: N-7539 |
| Donativo/Legado | Donacion: Editorial |
| Encuadernación | Encuadernación en cartoné |
| 942 ## - ELEMENTOS DE ENTRADA SECUNDARIOS (KOHA) | |
| Fuente del sistema de clasificación o colocación | Clasificación decimal universal |
| Estatus retirado | Estado de pérdida | Fuente del sistema de clasificación o colocación | Estado de daño | No para préstamo | Biblioteca de origen | Biblioteca actual | Ubicación en estantería | Fecha de adquisición | Fuente de adquisición | Total de préstamos | Signatura topográfica completa | Código de barras | Visto por última vez | Precio de reemplazo | Tipo de ítem Koha |
|---|---|---|---|---|---|---|---|---|---|---|---|---|---|---|---|
| Clasificación decimal universal | Biblioteca del Ateneo de Madrid | Biblioteca del Ateneo de Madrid | Depósito 1 | 30/04/2019 | Donación | A-14539 | 1200460 | 23/02/2023 | 23/02/2023 | Libro impreso |
